| 000 | 00562nam a2200205Ia 4500 | ||
|---|---|---|---|
| 003 | GCL | ||
| 008 | 140319s9999 xx 000 0 eng d | ||
| 040 |
_aGCL / _cGCL |
||
| 082 | 0 | 4 |
_a519.53 _bL I |
| 100 | 1 | _aMERENDA, PETER F | |
| 245 | 1 | 0 |
_aINTRODUCTION TO BIVARIATE AND MULTIVARIATE ANALYSIS / _cMERENDA, PETER F |
| 700 | 1 | _aLINDEMAN, RICHARD | |
| 700 | 1 | _aGOLD, RUTH Z | |
| 260 |
_a[S.N] : _bSCOTT, FORESMAN AND COMPANY |
||
| 300 | _a444 P | ||
| 650 | 0 | 4 | _aNATURAL SCIENCE |
| 650 | 0 | 4 | _aMULTIVARIATE ANALYSIS |
| 650 | 0 | 4 | _aBIVARIATE |
| 942 |
_2ddc _cBK |
||
| 999 |
_c13360 _d13360 |
||